| 000 | 00573nam a2200205Ia 4500 | ||
|---|---|---|---|
| 005 | 20250923150013.0 | ||
| 008 | 008 250917s9999 xx 000 0 eng d | ||
| 037 | _aTextual | ||
| 040 |
_aDSWL _beng _cDSWL |
||
| 041 |
_aeng _2eng |
||
| 084 |
_aX:9,B.2, N97 _qDSWL |
||
| 100 |
_aBurra, Neera _9841182 |
||
| 245 | 0 |
_aBorn to work : child labour in india _c by Neera Burra |
|
| 260 |
_aDelhi _bUniversity Press _c1997 |
||
| 300 | _axxvi,285 p. | ||
| 365 |
_aINR _b175.00 |
||
| 925 | _g175.00 | ||
| 942 |
_cTEXL _hX:9,B.2, N97 |
||
| 999 |
_c1458381 _d1458381 |
||